Rozpoznaj polskiego sportowca po opisie 1 - Dla Ignacego - Statystyki

Ogólne statystyki
  • Ten quiz został rozwiązany 263 razy
  • Średni wynik to 7 z 9
Statystyki odpowiedzi
Podpowiedź Odpowiedź % Poprawnych
skoczek narciarski,zdobywał złote medale w Sochi i PyeongChang Kamil Stoch
100%
Piłkarz Bayernu Monachium Robert Lewandowski
100%
kierowca testowy zespołu Alfa Romeo Racing ORLEN w Formule 1 Robert Kubica
99%
Polska tenisistka,finalistka Wimbledonu w 2012 roku,zakończyła karierę Agnieszka Radwańska
93%
wielokrotny mistrz świata w zawodach Strongman,zawodnik MMA Mariusz Pudzianowski
93%
sportowiec słynący z poczucia humoru i dystansu do każdego tematu Piotr Żyła
78%
Na swoim koncie posaida 5 medali zimowych IO, posiada order Odrodzenia Polski Justyna Kowalczyk
68%
Jedna z najlepszych zawodniczek UFC, mistrzyni w wadze słomkowej Joanna Jędrzejczyk
66%
Jak dotąd jedyna Polka,która wystartowała w najlepszej serii wyścigowej dla kobiet : W Series Gosia Rdest
8%
Nie znaleziono quizów pasujących do podanych kryteriów
Rozkład punktacji
Procent ludzi z każdym wynikiem
Percentyl według liczby udzielonych odpowiedzi
Twoja historia wyników
Nie rozwiązałeś tego quizu